000 00570nam a2200193Ia 4500
003 GCL
008 140319s9999 xx 000 0 eng d
040 _aGCL /
_cGCL
082 0 4 _a840
_bA R
100 1 _aعبدالعزيز صقر الغامدى
245 1 0 _aLE RECIT DE L'OEUVRE A L'EXTRAIT: MAUPASSANT... /
_cعبدالعزيز صقر الغامدى
260 _a[S.N] :
_bPREFACE DE M. K. GAHA ،
_c1994
300 _a257 P
650 0 4 _aLITERATURE
650 0 4 _aHISTORY AND CRITICISM
650 0 4 _aFICTION
650 0 4 _aFRENCH LITERATURE
942 _2ddc
_cBK
999 _c20889
_d20889